000 00240nam a2200097Ia 4500
008 170619s9999 xx 000 0 und d
100 _aTayal A K
245 0 _aInstrumentation and Mechanical Measurements
260 _bGalgotia Pub.
260 _c2003
546 _aENGLISH
999 _c17078
_d17078